Elementary quantum field theory (Record no. 122252)
[ view plain ]
| 000 -LEADER | |
|---|---|
| fixed length control field | 00517nam a22001577a 4500 |
| 008 - FIXED-LENGTH DATA ELEMENTS--GENERAL INFORMATION | |
| fixed length control field | 150303b xxu||||| |||| 00| 0 eng d |
| 050 ## - LIBRARY OF CONGRESS CALL NUMBER | |
| Classification number | QC174.45.H4 |
| 100 ## - MAIN ENTRY--PERSONAL NAME | |
| Personal name | Henley, Ernest M. |
| 9 (RLIN) | 15716 |
| 245 ## - TITLE STATEMENT | |
| Title | Elementary quantum field theory |
| Statement of responsibility, etc | Ernest M. Henley |
| 260 ## - PUBLICATION, DISTRIBUTION, ETC. (IMPRINT) | |
| Place of publication, distribution, etc | New York |
| Name of publisher, distributor, etc | McGrawhill |
| Date of publication, distribution, etc | 1962 |
| 300 ## - PHYSICAL DESCRIPTION | |
| Extent | ix, 277p. ; |
| Dimensions | 24cm. |
| 440 ## - SERIES STATEMENT/ADDED ENTRY--TITLE | |
| Title | International series in pure and applied physics |
| 9 (RLIN) | 14259 |
| 650 ## - SUBJECT ADDED ENTRY--TOPICAL TERM | |
| Topical term or geographic name as entry element | Quantum field theory |
| 9 (RLIN) | 13917 |
| 700 ## - ADDED ENTRY--PERSONAL NAME | |
| Personal name | Thirring, Walter |
| 9 (RLIN) | 16131 |
| 942 ## - ADDED ENTRY ELEMENTS (KOHA) | |
| Source of classification or shelving scheme | Library of Congress Classification |
| Item type | Monograph ( Printed materials) |
| Koha issues (borrowed), all copies | 1 |
| Withdrawn status | Lost status | Source of classification or shelving scheme | Damaged status | Not for loan | Collection code | Home library | Current library | Shelving location | Date acquired | Total Checkouts | Full call number | Barcode | Date last seen | Date last borrowed | Price effective from | Koha item type |
|---|---|---|---|---|---|---|---|---|---|---|---|---|---|---|---|---|
| Library of Congress Classification | Main Collection | ARRUPE LIBRARY | ARRUPE LIBRARY | Main Collection | 03/03/2015 | 1 | QC174.45.H4 | 46500002818 | 02/07/2019 | 27/04/2015 | 03/03/2015 | Monograph ( Printed materials) |